Principios de ingeniería de cimentaciones
Gorde:
| Egile nagusia: | |
|---|---|
| Beste egile batzuk: | |
| Formatua: | Liburua |
| Hizkuntza: | Undetermined |
| Argitaratua: |
Australia : Thompson,
c2006.
|
| Edizioa: | 5 |
| Gaiak: | |
| Etiketak: |
Etiketa erantsi
Etiketarik gabe, Izan zaitez lehena erregistro honi etiketa jartzen!
|
MARC
| LEADER | 00000nam a2200000Ia 4500 | ||
|---|---|---|---|
| 003 | 000156 | ||
| 005 | 20221231144016.0 | ||
| 008 | 140114s9999 xx 000 0 und d | ||
| 040 | |c cru CEDI | ||
| 082 | |a 624.15 D229p5 | ||
| 100 | |c Das, Braja M |9 18913 | ||
| 245 | |a Principios de ingeniería de cimentaciones | ||
| 250 | |a 5 | ||
| 260 | |a Australia : Thompson, |c c2006. | ||
| 300 | |a xvii, 743, [1] páginas : ilustraciones en blanco y negro. | ||
| 500 | |a Traducción de: Principles of foundation engineering, 5th. ed.--Impreso en México | ||
| 650 | |x CIMENTACIONES |9 18914 | ||
| 700 | |9 18890 |a Cera Alonso, José E. de la |d Traductor | ||
| 942 | |2 ddc |c BK | ||
| 999 | |c 15550 |d 15550 | ||
